Droit de suite (Record no. 76333)
[ view plain ]
| 000 -LEADER | |
|---|---|
| fixed length control field | 01019cab a2200181 4500 |
| 001 - CONTROL NUMBER | |
| control field | ##L132126 |
| 008 - FIXED-LENGTH DATA ELEMENTS--GENERAL INFORMATION | |
| fixed length control field | 060112n2005 000 0 eng u |
| 035 ## - SYSTEM CONTROL NUMBER | |
| System control number | (Sirsi) u132126 |
| 041 0# - LANGUAGE CODE | |
| Language code of text/sound track or separate title | eng |
| 110 2# - MAIN ENTRY--CORPORATE NAME | |
| Corporate name or jurisdiction name as entry element | Antiques Trade Gazette |
| 9 (RLIN) | 3627 |
| 245 00 - TITLE STATEMENT | |
| Title | Droit de suite |
| Remainder of title | who has to pay what to whom and when |
| 260 ## - PUBLICATION, DISTRIBUTION, ETC. | |
| Date of publication, distribution, etc. | 2005 |
| 490 #0 - SERIES STATEMENT | |
| Series statement | Antiques Trade Gazette |
| Volume/sequential designation | 1720 24 and 31 December 2005, 3(1) |
| 520 ## - SUMMARY, ETC. | |
| Summary, etc. | Advises on the existing resale rights of an artist holding copyright of their work or a qualifying body to whom they have assigned the right, such as a charity, and how this applies only if the artist is living. It cautions when the rights apply, joint authorship, if the artist can assign or waive their rights, royalties and how they can be calculated, and collecting agencies. The change in the law after 1 January, 2010, that will see the artist's rights extend to their heirs and assignees for up to seventy years after the artist's death. |
| 650 24 - SUBJECT ADDED ENTRY--TOPICAL TERM | |
| Topical term or geographic name entry element | COPYRIGHT |
| 690 ## - LOCAL SUBJECT ADDED ENTRY--TOPICAL TERM (OCLC, RLIN) | |
| Topical term or geographic name as entry element | LAW |
| 942 ## - ADDED ENTRY ELEMENTS (KOHA) | |
| Suppress in OPAC | 0 |
| Withdrawn status | Lost status | Source of classification or shelving scheme | Damaged status | Not for loan | Home library | Current library | Shelving location | Date acquired | Total Checkouts | Full call number | Barcode | Date last seen | Copy number | Price effective from | Koha item type |
|---|---|---|---|---|---|---|---|---|---|---|---|---|---|---|---|
| Dewey Decimal Classification | London | London | Journal article | 12/01/2006 | L132126 | 132126-1001 | 06/08/2019 | 1 | 06/08/2019 | Journal article |